[Event "Bayern-chTT (RL Nord-Ost)"]
[Site "Bayern 2008/09"]
[Date "2009.03.29"]
[Round "9.1"]
[White "Lutz, Dieter"]
[Black "Kordts, Wolfgang"]
[Result "1-0"]
[WhiteElo "2274"]
[BlackElo "2147"]
[PlyCount "57"]
[EventDate "2009.03.??"]
[EventType "team-tourn"]
[EventRounds "9"]
[WhiteTeam "Bechhofen 1"]
[BlackTeam "Postbauer 1"]

1. e4 c5 2. Nf3 d6 3. Bc4 e6 4. O-O Nf6 5. Re1 Be7 6. c3 Nc6 7. Bf1 e5 8. h3
O-O 9. d4 Re8 10. d5 Nb8 11. b4 Nbd7 12. Nbd2 Qc7 13. a4 Nf8 14. Nc4 b6 15.
Nfxe5 dxe5 16. d6 Bxd6 17. Qxd6 Qxd6 18. Nxd6 Rd8 19. bxc5 bxc5 20. Nc4 Ng6 21.
f3 Be6 22. Be3 Nd7 23. a5 Rab8 24. Reb1 f6 25. a6 Ne7 26. Rb7 Nc6 27. Na5 Rdc8
28. Nxc6 Rxc6 29. Bb5 1-0

[Event "Bayern-chTT (RL Nord-Ost)"]
[Site "Bayern 2008/09"]
[Date "2009.03.29"]
[Round "9.2"]
[White "Bauer, Andreas(67)"]
[Black "Alsheimer, Christoph"]
[Result "1/2-1/2"]
[WhiteElo "2125"]
[BlackElo "2187"]
[PlyCount "48"]
[EventDate "2009.03.??"]
[EventType "team-tourn"]
[EventRounds "9"]
[WhiteTeam "Postbauer 1"]
[BlackTeam "Bechhofen 1"]

1. Nf3 e6 2. d4 Nf6 3. Nbd2 d5 4. e3 c5 5. c3 Be7 6. Bd3 O-O 7. O-O Nbd7 8. b3
b6 9. Bb2 a5 10. a4 Ba6 11. Bxa6 Rxa6 12. Qe2 Ra7 13. Rfd1 Qa8 14. h3 Rd8 15.
Rac1 Rc7 16. c4 Qa6 17. Kf1 Rdc8 18. cxd5 Qxe2+ 19. Kxe2 Nxd5 20. g3 cxd4 21.
Nxd4 Rxc1 22. Rxc1 Rxc1 23. Bxc1 Nc5 24. Bb2 Bf6 1/2-1/2

[Event "Bayern-chTT (RL Nord-Ost)"]
[Site "Bayern 2008/09"]
[Date "2009.03.29"]
[Round "9.3"]
[White "Ponnath, Lorenz"]
[Black "Roeber, Juergen"]
[Result "0-1"]
[WhiteElo "1967"]
[BlackElo "2077"]
[PlyCount "50"]
[EventDate "2009.03.??"]
[EventType "team-tourn"]
[EventRounds "9"]
[WhiteTeam "Bechhofen 1"]
[BlackTeam "Postbauer 1"]

1. c4 g6 2. Nc3 Bg7 3. g3 Nf6 4. Bg2 c6 5. Qc2 O-O 6. b3 d5 7. d3 d4 8. Ne4
Nxe4 9. Bxe4 f5 10. Bg2 e5 11. h4 h6 12. Bd2 a5 13. Nh3 Nd7 14. Qc1 Kh7 15. h5
gxh5 16. g4 fxg4 17. Ng5+ hxg5 18. Rxh5+ Kg8 19. Bxg5 Qe8 20. Rh2 Nf6 21. Kd2
Qg6 22. Kc2 Bf5 23. Bxf6 Rxf6 24. f3 a4 25. fxg4 Bxd3+ 0-1

[Event "Bayern-chTT (RL Nord-Ost)"]
[Site "Bayern 2008/09"]
[Date "2009.03.29"]
[Round "9.4"]
[White "Sippl, Martin"]
[Black "Boese, Klaus(63)"]
[Result "1/2-1/2"]
[WhiteElo "1983"]
[BlackElo "1953"]
[PlyCount "61"]
[EventDate "2009.03.??"]
[EventType "team-tourn"]
[EventRounds "9"]
[WhiteTeam "Postbauer 1"]
[BlackTeam "Bechhofen 1"]

1. e4 c5 2. Nf3 e6 3. d4 cxd4 4. Nxd4 a6 5. Bd3 Qc7 6. Nc3 Nf6 7. Qe2 d6 8. O-O
Be7 9. Kh1 Nbd7 10. a4 b6 11. f4 Bb7 12. Bd2 Nc5 13. Rae1 Nxd3 14. cxd3 O-O 15.
Rf3 Rfe8 16. Rh3 Rac8 17. e5 Nd7 18. Qh5 Nf8 19. f5 dxe5 20. fxe6 Bf6 21. e7
Qxe7 22. Nf5 Qe6 23. Ne4 Bxe4 24. dxe4 a5 25. Ne3 g6 26. Qf3 Bg7 27. Nd5 Nd7
28. Bg5 Rc2 29. Qb3 Rc6 30. Rf1 f6 31. Bh4 1/2-1/2

[Event "Bayern-chTT (RL Nord-Ost)"]
[Site "Bayern 2008/09"]
[Date "2009.03.29"]
[Round "9.5"]
[White "Kaiser, Harald(66)"]
[Black "Hoffmann, Ayar"]
[Result "1-0"]
[WhiteElo "1978"]
[BlackElo "1872"]
[PlyCount "41"]
[EventDate "2009.03.??"]
[EventType "team-tourn"]
[EventRounds "9"]
[WhiteTeam "Bechhofen 1"]
[BlackTeam "Postbauer 1"]

1. e4 c5 2. d4 cxd4 3. c3 dxc3 4. Nxc3 Nc6 5. Nf3 e6 6. Bc4 Qc7 7. O-O Nf6 8.
Nb5 Qb8 9. e5 Nxe5 10. Bf4 d6 11. Re1 Nxc4 12. Qa4 Bd7 13. Qxc4 Bxb5 14. Qxb5+
Nd7 15. Ng5 Be7 16. Nxe6 fxe6 17. Rxe6 Kd8 18. Rae1 a6 19. Qb4 Bf6 20. Rxd6 Qc8
21. Qb6+ 1-0

[Event "Bayern-chTT (RL Nord-Ost)"]
[Site "Bayern 2008/09"]
[Date "2009.03.29"]
[Round "9.6"]
[White "Kordts, Florian"]
[Black "Lutz, Rainer Dr(81)"]
[Result "1/2-1/2"]
[WhiteElo "1876"]
[BlackElo "1883"]
[PlyCount "113"]
[EventDate "2009.03.??"]
[EventType "team-tourn"]
[EventRounds "9"]
[WhiteTeam "Postbauer 1"]
[BlackTeam "Bechhofen 1"]

1. c4 c6 2. Nf3 Nf6 3. g3 d5 4. b3 Bg4 5. Bg2 e6 6. O-O Nbd7 7. Bb2 Qb6 8. d3
Bc5 9. Nc3 Qc7 10. d4 Be7 11. cxd5 exd5 12. Re1 O-O 13. e4 dxe4 14. Nxe4 Bb4
15. Nxf6+ Nxf6 16. Re5 Rfe8 17. Qc2 Qd7 18. Rxe8+ Rxe8 19. Ne5 Qe7 20. Nxg4
Nxg4 21. Bf3 Nf6 22. a3 Bd6 23. Qf5 Qe6 24. Qxe6 fxe6 25. Re1 Kf7 26. Kg2 Nd5
27. Bg4 Nc7 28. b4 Be7 29. f4 Bf6 30. Kf3 g6 31. Ke4 Nb5 32. Kd3 Nd6 33. Bd1
Ke7 34. Bb3 Kd7 35. a4 Bg7 36. Re2 Bf8 37. Bc3 a6 38. Re1 Nc8 39. h4 Nb6 40. a5
Nd5 41. Bxd5 exd5 42. Rxe8 Kxe8 43. g4 Kf7 44. Ke3 Ke6 45. Kf3 Bd6 46. Bd2 Bc7
47. Bc3 h5 48. Bd2 Kf6 49. Kg3 b6 50. axb6 Bxb6 51. Bc3 Bc7 52. Bd2 Bd6 53. Bc3
Ke6 54. Kf3 Be7 55. Be1 Bf6 56. Bf2 Bd8 57. Be1 1/2-1/2

[Event "Bayern-chTT (RL Nord-Ost)"]
[Site "Bayern 2008/09"]
[Date "2009.03.29"]
[Round "9.7"]
[White "Sandner, Andreas(88)"]
[Black "Firla, Erwin"]
[Result "1/2-1/2"]
[WhiteElo "1760"]
[BlackElo "1921"]
[PlyCount "30"]
[EventDate "2009.03.??"]
[EventType "team-tourn"]
[EventRounds "9"]
[WhiteTeam "Bechhofen 1"]
[BlackTeam "Postbauer 1"]

1. e4 e5 2. Nf3 Nc6 3. d4 exd4 4. Nxd4 Nxd4 5. Qxd4 d6 6. Nc3 Nf6 7. Bg5 Be7 8.
O-O-O O-O 9. f3 Be6 10. h4 a6 11. g4 b5 12. Qd2 h6 13. Be3 Nd7 14. Kb1 Ne5 15.
Be2 Bxh4 1/2-1/2

[Event "Bayern-chTT (RL Nord-Ost)"]
[Site "Bayern 2008/09"]
[Date "2009.03.29"]
[Round "9.8"]
[White "Riexinger, Martin"]
[Black "Weber, Daniel(96)"]
[Result "0-1"]
[WhiteElo "1798"]
[BlackElo "1511"]
[PlyCount "94"]
[EventDate "2009.03.??"]
[EventType "team-tourn"]
[EventRounds "9"]
[WhiteTeam "Postbauer 1"]
[BlackTeam "Bechhofen 1"]

1. d4 Nf6 2. c4 g6 3. Nc3 Bg7 4. Nf3 d6 5. Bg5 h6 6. Bh4 O-O 7. e3 Bf5 8. Be2
Nbd7 9. h3 h5 10. Nd2 Nb6 11. O-O e5 12. b4 a5 13. a3 Qc8 14. Kh2 exd4 15. exd4
Re8 16. Nb3 Ne4 17. Nxe4 Rxe4 18. Bg5 a4 19. f3 Rxe2 20. Qxe2 axb3 21. Qb2 Bc2
22. Qc3 Qf5 23. Bc1 Qd3 24. Qxd3 Bxd3 25. Rd1 Bc2 26. Rd2 Nxc4 27. Rxc2 bxc2
28. Ra2 Bxd4 29. Rxc2 d5 30. Re2 Nxa3 31. Ra2 Be5+ 32. Kg1 Bd6 33. Rxa3 Rxa3
34. Bxa3 b6 35. Kf2 c5 36. b5 Kg7 37. Ke3 Kf6 38. Bb2+ Kg5 39. g4 Kh4 40. Bf6+
Kxh3 41. gxh5 gxh5 42. Bd8 Kg3 43. Bxb6 h4 44. Bd8 c4 45. b6 Bc5+ 46. Ke2 Bxb6
47. Bxb6 Kg2 0-1

[Event "Bayern-chTT (RL Nord-Ost)"]
[Site "Bayern 2008/09"]
[Date "2009.03.29"]
[Round "9.2"]
[White "Linsenmeyer, Mario"]
[Black "Grabert, Ralf"]
[Result "1/2-1/2"]
[WhiteElo "2099"]
[BlackElo "2192"]
[PlyCount "42"]
[EventDate "2009.03.??"]
[EventType "team-tourn"]
[EventRounds "9"]
[WhiteTeam "Großenseebach 1"]
[BlackTeam "Kareth-Lappersdorf 1"]

1. e4 e5 2. Nf3 Nc6 3. Bc4 Bc5 4. c3 Nf6 5. d3 d6 6. O-O O-O 7. Nbd2 Bg4 8. h3
Bh5 9. Re1 a5 10. Nf1 Qe8 11. Ng3 Bg6 12. Bg5 Nd7 13. Nh4 Kh8 14. Nhf5 f6 15.
Be3 Bf7 16. Bxf7 Qxf7 17. d4 Ba7 18. d5 Ne7 19. Qb3 Bxe3 20. Rxe3 Nc5 21. Qc4
Nxf5 1/2-1/2

[Event "Bayern-chTT (RL Nord-Ost)"]
[Site "Bayern 2008/09"]
[Date "2009.03.29"]
[Round "9.3"]
[White "Baumer, Andreas"]
[Black "Seyb, Dieter"]
[Result "0-1"]
[WhiteElo "1935"]
[BlackElo "2239"]
[PlyCount "108"]
[EventDate "2009.03.??"]
[EventType "team-tourn"]
[EventRounds "9"]
[WhiteTeam "Kareth-Lappersdorf 1"]
[BlackTeam "Großenseebach 1"]

1. e4 e5 2. f4 Bc5 3. Nf3 d6 4. c3 Bb6 5. d4 exd4 6. cxd4 Bg4 7. Be2 Nc6 8. Be3
Nf6 9. Nc3 Qe7 10. Qd3 O-O-O 11. h3 Bd7 12. Nd2 Nb4 13. Qb1 Nfd5 14. Nxd5 Nxd5
15. Qd3 Nxe3 16. Qxe3 d5 17. e5 Qb4 18. Qc3 Qxd4 19. Qxd4 Bxd4 20. O-O-O f6 21.
Kb1 Bf5+ 22. Ka1 Be3 23. exf6 gxf6 24. g4 Bc2 25. Rc1 Ba4 26. b3 Bc6 27. Rcd1
Bxf4 28. Rhf1 Be5+ 29. Kb1 Be8 30. Bd3 h5 31. Bf5+ Kb8 32. Nf3 Bc3 33. g5 Rf8
34. g6 Rg8 35. Rg1 d4 36. Nh4 Rg7 37. Bd3 c6 38. Rdf1 Bd7 39. Rxf6 Bxh3 40. Rh1
Bg4 41. Rhf1 Bb4 42. Rf7 Rd7 43. Rxg7 Rxg7 44. Rf7 Rxf7 45. gxf7 Kc7 46. Ng6
Kd7 47. f8=Q Bxf8 48. Nxf8+ Ke7 49. Ng6+ Kf6 50. Nf4 Kg5 51. Ng2 Bf3 52. Ne1
Bd5 53. b4 b6 54. a4 c5 0-1

[Event "Bayern-chTT (RL Nord-Ost)"]
[Site "Bayern 2008/09"]
[Date "2009.03.29"]
[Round "9.5"]
[White "Kues, Manuel"]
[Black "Kirch, Daniel"]
[Result "0-1"]
[WhiteElo "1810"]
[BlackElo "1977"]
[PlyCount "82"]
[EventDate "2009.03.??"]
[EventType "team-tourn"]
[EventRounds "9"]
[WhiteTeam "Kareth-Lappersdorf 1"]
[BlackTeam "Großenseebach 1"]

1. e4 e5 2. Nf3 Nc6 3. Bc4 Bc5 4. b4 Bxb4 5. c3 Ba5 6. Qb3 Qf6 7. O-O Nge7 8.
d4 exd4 9. Bg5 Qg6 10. Bxe7 Kxe7 11. cxd4 Re8 12. d5 Nb4 13. a3 Na6 14. d6+
Qxd6 15. Qb5 Qc5 16. Qb3 Qb6 17. Qc2 Kf8 18. e5 h6 19. Rd1 Kg8 20. Nc3 Bxc3 21.
Qxc3 d6 22. Rab1 Qc6 23. Nd4 Qd7 24. Bb5 c6 25. Bxa6 bxa6 26. Nxc6 d5 27. Nb4
Bb7 28. Qd4 Qf5 29. Re1 Rad8 30. Rb3 a5 31. Rf3 Qg6 32. Qxa7 axb4 33. Qxb7 bxa3
34. Rxa3 d4 35. Rg3 Qf5 36. Qa6 Re6 37. Qa5 Rde8 38. Rf3 Rxe5 39. Rxe5 Qb1+ 40.
Re1 Rxe1+ 41. Qxe1 Qxe1# 0-1

[Event "Bayern-chTT (RL Nord-Ost)"]
[Site "Bayern 2008/09"]
[Date "2009.03.29"]
[Round "9.6"]
[White "Hofmann, Benjamin(90)"]
[Black "Behrens, Kai"]
[Result "1/2-1/2"]
[WhiteElo "1845"]
[BlackElo "1860"]
[PlyCount "76"]
[EventDate "2009.03.??"]
[EventType "team-tourn"]
[EventRounds "9"]
[WhiteTeam "Großenseebach 1"]
[BlackTeam "Kareth-Lappersdorf 1"]

1. e4 e5 2. Nf3 d6 3. d4 Nd7 4. Bc4 c6 5. a4 Be7 6. Nc3 Ngf6 7. dxe5 dxe5 8.
O-O O-O 9. Qe2 Qc7 10. Nh4 Nc5 11. Nf5 Bxf5 12. exf5 a6 13. a5 Ncd7 14. g4 Bb4
15. g5 Ne8 16. Ne4 g6 17. f6 Bxa5 18. f4 b5 19. Bd3 Bb6+ 20. Kh1 Nd6 21. Nxd6
Qxd6 22. f5 Nc5 23. Qf3 Rfe8 24. fxg6 Nxd3 25. gxf7+ Kxf7 26. Qh5+ Ke6 27. Qh3+
Kf7 28. Qxh7+ Ke6 29. Qh3+ Kf7 30. g6+ Kxg6 31. Rg1+ Bxg1 32. Qg4+ Kf7 33. Qg7+
Ke6 34. Qg4+ Kxf6 35. Bg5+ Kf7 36. Qf5+ Kg7 37. Rxg1 Qd5+ 38. Rg2 Nf2+ 1/2-1/2

[Event "Bayern-chTT (RL Nord-Ost)"]
[Site "Bayern 2008/09"]
[Date "2009.03.29"]
[Round "9.7"]
[White "Rahn, Martin(66)"]
[Black "Rosenzweig, Juergen"]
[Result "0-1"]
[WhiteElo "1867"]
[BlackElo "1802"]
[PlyCount "82"]
[EventDate "2009.03.??"]
[EventType "team-tourn"]
[EventRounds "9"]
[WhiteTeam "Kareth-Lappersdorf 1"]
[BlackTeam "Großenseebach 1"]

1. d4 g6 2. c4 Bg7 3. Nc3 d6 4. h3 Nc6 5. Nf3 e5 6. d5 Nce7 7. e3 f5 8. Be2 Nf6
9. O-O O-O 10. Nh2 e4 11. f4 exf3 12. Nxf3 Bh6 13. Nd4 Re8 14. Qc2 c5 15. Nf3
Ne4 16. Bd3 Nxc3 17. Qxc3 Bg7 18. Qc2 h6 19. Rb1 Kh8 20. b3 Ng8 21. e4 fxe4 22.
Bxe4 Rxe4 23. Qxe4 Bf5 24. Qe2 Bxb1 25. Bb2 Bf5 26. g4 Bd7 27. Bxg7+ Kxg7 28.
Nh2 Qe7 29. Qb2+ Kh7 30. Rf2 Rf8 31. Nf3 Qe3 32. Kg2 Rf4 33. a3 Nf6 34. Qe2
Qxe2 35. Rxe2 Re4 36. Rc2 Kg7 37. b4 Re3 38. bxc5 dxc5 39. Rb2 b6 40. Ra2 Ba4
41. Kf2 Rc3 0-1

[Event "Bayern-chTT (RL Nord-Ost)"]
[Site "Bayern 2008/09"]
[Date "2009.03.29"]
[Round "9.8"]
[White "Borel, Bernd"]
[Black "Melcher, Matthias"]
[Result "1/2-1/2"]
[WhiteElo "1792"]
[BlackElo "1786"]
[PlyCount "42"]
[EventDate "2009.03.??"]
[EventType "team-tourn"]
[EventRounds "9"]
[WhiteTeam "Großenseebach 1"]
[BlackTeam "Kareth-Lappersdorf 1"]

1. e4 c5 2. c3 Qa5 3. Na3 Nc6 4. f4 d6 5. h3 Nf6 6. Qc2 e6 7. Nf3 Nh5 8. d3 Ng3
9. Rg1 Be7 10. Nc4 Qc7 11. Be3 b5 12. Ncd2 O-O 13. Kf2 Nxf1 14. Nxf1 b4 15. g4
bxc3 16. bxc3 Rb8 17. Ng3 Bd7 18. Rab1 Rxb1 19. Rxb1 Rb8 20. Rxb8+ Qxb8 21. f5
exf5 1/2-1/2

[Event "Bayern-chTT (RL Nord-Ost)"]
[Site "Bayern 2008/09"]
[Date "2009.03.29"]
[Round "9.1"]
[White "Palek, Miroslav"]
[Black "Illetsko, Jaroslav"]
[Result "1-0"]
[WhiteElo "2133"]
[BlackElo "2120"]
[PlyCount "65"]
[EventDate "2009.03.??"]
[EventType "team-tourn"]
[EventRounds "9"]
[WhiteTeam "Dietfurt 1"]
[BlackTeam "Windischeschenbach 1"]

1. e4 d6 2. d4 Nf6 3. Nc3 c6 4. a4 g6 5. g3 Bg7 6. Bg2 O-O 7. Nge2 e5 8. h3
Nbd7 9. Be3 Re8 10. O-O b6 11. a5 Ba6 12. Re1 Qc8 13. f4 Bxe2 14. Qxe2 exd4 15.
Bxd4 d5 16. e5 Nh5 17. Qf3 Bf8 18. Ne2 Ng7 19. c4 dxc4 20. Qxc6 Rb8 21. axb6
axb6 22. Ra7 Nc5 23. Nc3 Nge6 24. Be3 Nd3 25. Re2 Qxc6 26. Bxc6 Red8 27. Ne4 b5
28. Bd5 Bg7 29. Nd6 Rxd6 30. exd6 Bxb2 31. Rb7 Rxb7 32. Bxb7 Bf6 33. Ba6 1-0

[Event "Bayern-chTT (RL Nord-Ost)"]
[Site "Bayern 2008/09"]
[Date "2009.03.29"]
[Round "9.2"]
[White "Mueller, Christian(72)"]
[Black "Blodig, Reinhard"]
[Result "1/2-1/2"]
[WhiteElo "2061"]
[BlackElo "2067"]
[PlyCount "87"]
[EventDate "2009.03.??"]
[EventType "team-tourn"]
[EventRounds "9"]
[WhiteTeam "Windischeschenbach 1"]
[BlackTeam "Dietfurt 1"]

1. d4 g6 2. Nf3 Bg7 3. Bf4 d6 4. e3 Nd7 5. h3 e5 6. Bh2 Nh6 7. Be2 O-O 8. O-O
Re8 9. c4 exd4 10. exd4 Nf5 11. Nc3 Nf8 12. Rc1 Ne6 13. d5 Ned4 14. Bd3 Bd7 15.
b3 a6 16. Ne4 Nxf3+ 17. Qxf3 Nd4 18. Qd1 b6 19. Bf4 Qe7 20. Ng3 Qh4 21. Be3 h6
22. Bxd4 Bxd4 23. Qf3 f5 24. Rce1 Qf6 25. Ne2 Be5 26. Ng3 Re7 27. Rd1 Rae8 28.
Ne2 Qf7 29. Nf4 g5 30. Ne6 Bxe6 31. dxe6 Rxe6 32. c5 b5 33. cxd6 Rxd6 34. Bxf5
Kg7 35. Rxd6 Bxd6 36. Bg4 Qxf3 37. Bxf3 Re5 38. Rd1 Rc5 39. Be4 Kf6 40. Kf1 Ke5
41. Bd3 Rc3 42. Ke2 Kf6 43. Rd2 Rc5 44. Rc2 1/2-1/2

[Event "Bayern-chTT (RL Nord-Ost)"]
[Site "Bayern 2008/09"]
[Date "2009.03.29"]
[Round "9.3"]
[White "Palkova, Katerina"]
[Black "Kalous, Miroslav"]
[Result "0-1"]
[WhiteElo "2036"]
[BlackElo "2060"]
[PlyCount "40"]
[EventDate "2009.03.??"]
[EventType "team-tourn"]
[EventRounds "9"]
[WhiteTeam "Dietfurt 1"]
[BlackTeam "Windischeschenbach 1"]

1. e4 e6 2. d4 d5 3. Nc3 Bb4 4. Nge2 dxe4 5. a3 Be7 6. Nxe4 Nf6 7. N2c3 Nbd7 8.
Ng3 O-O 9. Bd3 c5 10. Be3 cxd4 11. Bxd4 e5 12. Be3 Nc5 13. Bxc5 Bxc5 14. O-O
Bg4 15. Qe1 Qd4 16. h3 Be6 17. Rd1 Qf4 18. Qd2 Qxg3 19. b4 Bxh3 20. Be4 Ng4 0-1

[Event "Bayern-chTT (RL Nord-Ost)"]
[Site "Bayern 2008/09"]
[Date "2009.03.29"]
[Round "9.4"]
[White "Zant, Juergen"]
[Black "Bader, Dominic"]
[Result "1/2-1/2"]
[WhiteElo "1978"]
[BlackElo "1932"]
[PlyCount "145"]
[EventDate "2009.03.??"]
[EventType "team-tourn"]
[EventRounds "9"]
[WhiteTeam "Windischeschenbach 1"]
[BlackTeam "Dietfurt 1"]

1. d4 e6 2. Bf4 Nf6 3. e3 d5 4. Nf3 Bd6 5. Ne5 O-O 6. Bd3 c5 7. c3 c4 8. Bc2
Bxe5 9. dxe5 Ne4 10. Bxe4 dxe4 11. Qxd8 Rxd8 12. Nd2 b5 13. O-O-O Bb7 14. Nxc4
Nd7 15. Nd6 Bc6 16. Bg3 Nc5 17. Kc2 Nd3 18. f3 Rxd6 19. exd6 Rd8 20. Rxd3 exd3+
21. Kxd3 f6 22. Rd1 e5 23. Kc2 Kf7 24. e4 Ke6 25. Bf2 Rxd6 26. Rxd6+ Kxd6 27.
Bxa7 g6 28. Kd3 f5 29. Bb8+ Ke6 30. exf5+ gxf5 31. Ke3 h5 32. Bc7 f4+ 33. Kf2
Kf5 34. b3 e4 35. fxe4+ Kxe4 36. Ke2 Kf5 37. Kf2 Ke4 38. Ke2 Kf5 39. g3 fxg3
40. Bxg3 Ke4 41. h4 Bd7 42. Bd6 Kd5 43. Be7 Bf5 44. Kd2 Bb1 45. Kc1 Bd3 46. Kb2
Kc6 47. Ka3 Bb1 48. Bg5 Kb6 49. Be3+ Ka5 50. Bd4 Bd3 51. Bf6 Bb1 52. b4+ Kb6
53. Kb3 Bd3 54. a4 bxa4+ 55. Kxa4 Bc2+ 56. Ka3 Kb5 57. Kb2 Bd3 58. Kc1 Kc4 59.
Kd2 Bg6 60. Ke3 Bf5 61. Kf4 Bg4 62. Ke4 Be2 63. Kf5 Bg4+ 64. Kg6 Be2 65. Kf7
Kb5 66. Ke6 Bc4+ 67. Ke5 Be2 68. Kd5 Bc4+ 69. Kd4 Bf7 70. Be7 Bg8 71. Bc5 Bc4
72. Ke5 Be2 73. Kd4 1/2-1/2

[Event "Bayern-chTT (RL Nord-Ost)"]
[Site "Bayern 2008/09"]
[Date "2009.03.29"]
[Round "9.5"]
[White "Blodig, Carolin"]
[Black "Laubert, Johannes"]
[Result "1/2-1/2"]
[WhiteElo "1952"]
[BlackElo "2010"]
[PlyCount "57"]
[EventDate "2009.03.??"]
[EventType "team-tourn"]
[EventRounds "9"]
[WhiteTeam "Dietfurt 1"]
[BlackTeam "Windischeschenbach 1"]

1. c4 Nf6 2. Nc3 e6 3. e4 d5 4. exd5 exd5 5. d4 Be7 6. Nf3 O-O 7. h3 Re8 8. Be3
c6 9. Qb3 Qa5 10. Bd3 Na6 11. c5 Nb4 12. Bb1 b6 13. cxb6 axb6 14. O-O Ba6 15.
Rc1 c5 16. Qd1 Bb7 17. a3 Na6 18. Bd2 c4 19. Bc2 Nc7 20. Ba4 Rec8 21. Ne5 Qa6
22. Nc6 Bf8 23. Nb4 Qa7 24. Bg5 Ne4 25. Nxe4 Qxa4 26. Qxa4 Rxa4 27. Nc3 Raa8
28. Nc2 Ne6 29. Be3 1/2-1/2

[Event "Bayern-chTT (RL Nord-Ost)"]
[Site "Bayern 2008/09"]
[Date "2009.03.29"]
[Round "9.6"]
[White "Kaeck, Ralf"]
[Black "Bothe, Matthias"]
[Result "1/2-1/2"]
[WhiteElo "2016"]
[BlackElo "1840"]
[PlyCount "73"]
[EventDate "2009.03.??"]
[EventType "team-tourn"]
[EventRounds "9"]
[WhiteTeam "Windischeschenbach 1"]
[BlackTeam "Dietfurt 1"]

1. e4 e6 2. d4 d5 3. exd5 exd5 4. Nf3 Bd6 5. c4 Nf6 6. Nc3 O-O 7. c5 Re8+ 8.
Be2 Be7 9. O-O b6 10. b4 a5 11. cxb6 axb4 12. bxc7 Qxc7 13. Nb5 Qb6 14. Bf4 Na6
15. a4 bxa3 16. Nxa3 Bf5 17. Nb5 Nb4 18. Bc7 Qb7 19. Bd6 Rxa1 20. Qxa1 Nc2 21.
Qc1 Rc8 22. Qf4 Bg6 23. Ne5 Ne4 24. Bxe7 Qxe7 25. Bd3 Nb4 26. Nxg6 hxg6 27.
Bxe4 dxe4 28. Nd6 Rd8 29. Nxe4 Rxd4 30. Qb8+ Rd8 31. Qf4 Rd4 32. Qb8+ Kh7 33.
Ng3 Qf6 34. Qc8 Nd3 35. Qh3+ Kg8 36. Qc8+ Rd8 37. Qg4 1/2-1/2

[Event "Bayern-chTT (RL Nord-Ost)"]
[Site "Bayern 2008/09"]
[Date "2009.03.29"]
[Round "9.7"]
[White "Egert, Stefan"]
[Black "Bloederl, Alfred"]
[Result "0-1"]
[WhiteElo "1799"]
[BlackElo "1977"]
[PlyCount "76"]
[EventDate "2009.03.??"]
[EventType "team-tourn"]
[EventRounds "9"]
[WhiteTeam "Dietfurt 1"]
[BlackTeam "Windischeschenbach 1"]

1. e4 c5 2. Nc3 e6 3. g3 Nc6 4. Bg2 g6 5. d3 Bg7 6. f4 Nge7 7. Nf3 a6 8. O-O
O-O 9. Be3 Nd4 10. Rb1 Nec6 11. Ne2 d6 12. c3 Nxf3+ 13. Bxf3 e5 14. f5 Rb8 15.
g4 b6 16. Qd2 f6 17. Ng3 Bb7 18. h4 Ne7 19. fxg6 hxg6 20. Rf2 d5 21. Rh2 dxe4
22. Bxe4 Bxe4 23. Nxe4 f5 24. Ng5 f4 25. Bf2 Qd7 26. Qe2 f3 27. Qe3 Qxg4+ 28.
Kh1 Nd5 29. Qd2 Qf4 30. Qe1 Qf5 31. Ne4 Rbd8 32. Ng3 Qxd3 33. Rd1 Qc4 34. h5
gxh5 35. Nxh5 Nf4 36. Nxg7 Rxd1 37. Qxd1 Kxg7 38. Qxf3 Qf1+ 0-1

[Event "Bayern-chTT (RL Nord-Ost)"]
[Site "Bayern 2008/09"]
[Date "2009.03.29"]
[Round "9.8"]
[White "Zimmermann, Andre(85)"]
[Black "Hummel, Thomas(70)"]
[Result "1/2-1/2"]
[WhiteElo "1968"]
[BlackElo "1754"]
[PlyCount "87"]
[EventDate "2009.03.??"]
[EventType "team-tourn"]
[EventRounds "9"]
[WhiteTeam "Windischeschenbach 1"]
[BlackTeam "Dietfurt 1"]

1. d4 g6 2. c4 Nf6 3. Nc3 Bg7 4. e4 d6 5. Nf3 O-O 6. Be2 Nc6 7. d5 Nb8 8. O-O
Nbd7 9. Qc2 Ng4 10. Ng5 Nc5 11. h3 Nh6 12. Be3 Nd7 13. Qd2 Kh8 14. f4 Nb8 15.
Bd4 f6 16. Nf3 Nf7 17. Bd3 c5 18. Be3 Na6 19. g4 Bd7 20. Qg2 Qc8 21. Nh4 Re8
22. Qg3 Nc7 23. e5 dxe5 24. Nxg6+ hxg6 25. Bxg6 Kg8 26. Bxf7+ Kxf7 27. fxe5 Kg8
28. e6 Nxe6 29. dxe6 Bxe6 30. Nd5 Bxd5 31. cxd5 b6 32. Rad1 Qd7 33. g5 fxg5 34.
Bxg5 Rf8 35. Bh6 Rxf1+ 36. Rxf1 e6 37. Qxg7+ Qxg7+ 38. Bxg7 Kxg7 39. dxe6 a6
40. Rf7+ Kg6 41. Rb7 b5 42. e7 Kf7 43. Kf2 c4 44. Ke3 1/2-1/2